[Event "Wch Rapid"]
[Site "Warsaw"]
[Date "2021.12.26"]
[Round "2"]
[White "Shoker, Samy"]
[Black "Blohberger, Felix"]
[Result "1-0"]
[WhiteElo "2504"]
[BlackElo "2503"]
[PlyCount "136"]
[EventDate "2021.12.26"]
[EventType "swiss (rapid)"]
[EventRounds "13"]
[EventCountry "POL"]
[SourceTitle "CBM 205 Extra"]
[Source "ChessBase"]
[SourceDate "2022.01.31"]
[SourceVersion "1"]
[SourceVersionDate "2022.01.31"]
[SourceQuality "1"]

1. Nf3 Nf6 2. g3 g6 3. Bg2 Bg7 4. O-O O-O 5. d3 c5 6. c3 Nc6 7. a3 d6 8. b4 ({RR} 8. Nbd2 Bd7 9. Rb1 Re8 10. b4 Nd5 11. Bb2 Nxc3 12. Bxc3 Bxc3 13. bxc5 dxc5 14. Rxb7 Na5 15. Rb1 Bg7 16. Qc2 Rc8 17. Nc4 Nxc4 18. Qxc4 Be6 19. Qa4 Rc7 20. Nd2 Rf8 21. Nc4 Bg4 22. Qc2 h5 {Kozul,Z (2613)-Mamedov,R (2688) Tallinn 2016 ½-½ (76)}) 8... e5 ({RR} 8... Nd7 9. Ra2 Qc7 10. e4 a5 11. b5 Nce5 12. Ne1 Nb6 13. f4 Ned7 14. c4 f5 15. exf5 gxf5 16. Re2 Nf6 17. Nf3 e6 18. Rfe1 Bd7 19. Bb2 h6 20. Nbd2 Rae8 21. a4 Nc8 22. Qa1 Nh5 23. d4 {Shoker,S (2473)-Rodgers,J (2043) Melbourne AUS 2024 1-0 (41)}) ({RR} 8... Nd5 9. bxc5 dxc5 10. Qc2 b5 11. Bb2 Nb6 12. c4 bxc4 13. Bxg7 Kxg7 14. dxc4 Bf5 15. Qc3+ f6 16. Nbd2 Rb8 17. e4 Bg4 18. e5 Bxf3 19. Nxf3 Nd4 20. exf6+ exf6 21. Nxd4 cxd4 22. Qb4 a5 23. Qxa5 {Shoker,S (2509)-Mgeladze,T (2268) Batumi 2017 ½-½ (50)}) 9. Nbd2 Rb8 10. Rb1 $146 ({RR} 10. Ne4 Nxe4 11. dxe4 Be6 12. Qd3 b5 13. Bg5 f6 14. Be3 Qe7 15. Nd2 a5 16. Rab1 c4 17. Qc2 a4 18. Rfd1 Rbd8 19. Nf3 Qc7 20. Nh4 Ne7 21. Rf1 f5 22. exf5 Nxf5 23. Bg5 Rd7 24. e4 Nxh4 {Utasi,T (2350)-Stohl,I (2405) Stary Smokovec 1984 ½-½ (41)}) 10... h6 11. Bb2 Be6 12. b5 Ne7 13. e4 Qd7 14. a4 a6 15. d4 axb5 16. dxe5 dxe5 17. axb5 Qc7 18. c4 Nd7 19. Bc3 Ra8 20. Ra1 Rfd8 21. Qe2 Nf8 22. Nb3 b6 23. Nfd2 Rxa1 24. Nxa1 Qd6 25. Rc1 Bc8 26. Nc2 Ne6 27. Ne3 Nd4 28. Qd1 h5 29. Nd5 Bh6 30. Ra1 Bg4 31. f3 Bc8 32. Ra7 Rd7 33. Ra8 Rd8 34. Bf1 Kh7 35. Nb3 Nxd5 36. cxd5 Be3+ 37. Kh1 Bb7 38. Ra7 Rd7 39. Nd2 Bxd2 40. Bxd2 Qb8 41. Ra3 Qd8 42. h4 Rd6 43. Kg2 Bc8 44. Ra7 Rd7 45. Ra8 Rd6 46. Kf2 Qc7 47. Qa4 Rf6 48. Bg2 Nxf3 49. Bxf3 Bg4 50. Bg5 Rxf3+ 51. Kg2 c4 52. Qb4 Qc5 53. Qxc5 bxc5 54. b6 Rb3 55. Bf6 g5 56. Rh8+ Kg6 57. hxg5 Bf3+ 58. Kf2 Bxe4 59. d6 Rd3 60. Bxe5 Kf5 61. Bf4 c3 62. Rc8 Kg4 63. Rxc5 h4 64. Rc4 Rf3+ 65. Ke1 hxg3 66. Bxg3 Re3+ 67. Kf2 Rf3+ 68. Ke2 Kxg3 1-0

[Event "Wch Rapid"]
[Site "Warsaw"]
[Date "2021.12.26"]
[Round "4"]
[White "Santos Latasa, Jaime"]
[Black "Gumularz, Szymon"]
[Result "1-0"]
[WhiteElo "2639"]
[BlackElo "2539"]
[PlyCount "124"]
[EventDate "2021.12.26"]
[EventType "swiss (rapid)"]
[EventRounds "13"]
[EventCountry "POL"]
[SourceTitle "CBM 205 Extra"]
[Source "ChessBase"]
[SourceDate "2022.01.31"]
[SourceVersion "1"]
[SourceVersionDate "2022.01.31"]
[SourceQuality "1"]

1. Nf3 d5 2. g3 g6 3. Bg2 Bg7 4. O-O e5 5. d3 Nc6 6. e4 dxe4 7. dxe4 Qxd1 8. Rxd1 Bg4 9. c3 Nf6 10. Nbd2 O-O-O 11. Re1 h6 12. Nc4 Nd7 13. Be3 Be6 $146 ({RR} 13... a5 14. a4 Be6 15. Bf1 Bf8 16. Nfd2 Bc5 17. Nb3 Bxe3 18. Rxe3 b6 19. Ncd2 Kb7 20. Bc4 Nf8 21. Rf3 Rh7 22. Re1 Rg7 23. h4 Nb8 24. Kg2 Bxc4 25. Nxc4 Nbd7 26. Rd1 Ne6 27. Rd5 f6 28. Kf1 {Peyrer,K (2415)-Ioannidis,E (2494) Berlin GER 2024 0-1 (65)}) 14. Nfd2 Nb6 15. Nxb6+ axb6 16. Bf1 h5 17. h4 Bh6 18. Bxh6 Rxh6 19. Nc4 f6 20. b4 Rg8 21. Kh2 g5 22. hxg5 Rxg5 23. Bh3 Bxh3 24. Kxh3 h4 25. g4 Nd8 26. f3 Ne6 27. Red1 Rg8 28. Kh2 Ng5 29. Rd3 Rhh8 30. Rad1 Rd8 31. Rxd8+ Rxd8 32. Rxd8+ Kxd8 33. Nd2 b5 34. Kg2 Kd7 35. Kh2 Kd6 36. Kg2 c5 37. a3 Kc6 38. Kh2 c4 39. Kg2 Kd7 40. Nf1 Ke6 41. Ne3 h3+ 42. Kg3 h2 43. Kxh2 Nxf3+ 44. Kg2 Nd2 45. Nd5 Nxe4 46. Nc7+ Kd6 47. Nxb5+ Kc6 48. a4 Nd2 49. Kf2 Nb1 50. Ke2 e4 51. Kd1 Kd5 52. Ke2 Kc6 53. Kf2 Kd5 54. Ke3 Ke5 55. a5 Kd5 56. Kf4 Kc6 57. Nd4+ Kd5 58. Ne2 Nd2 59. Ng3 Ke6 60. Nxe4 Nb1 61. b5 Na3 62. b6 Kd5 1-0

[Event "Wch Rapid"]
[Site "Warsaw"]
[Date "2021.12.27"]
[Round "8"]
[White "Amin, Bassem"]
[Black "Erdos, Viktor"]
[Result "1-0"]
[WhiteElo "2680"]
[BlackElo "2615"]
[PlyCount "81"]
[EventDate "2021.12.26"]
[EventType "swiss (rapid)"]
[EventRounds "13"]
[EventCountry "POL"]
[SourceTitle "CBM 205 Extra"]
[Source "ChessBase"]
[SourceDate "2022.01.31"]
[SourceVersion "1"]
[SourceVersionDate "2022.01.31"]
[SourceQuality "1"]

1. Nf3 d5 2. g3 g6 3. Bg2 Bg7 4. O-O e5 5. d3 ({RR} 5. c4 c6 6. d3 {½-½ (9) Vidarte Morales,A (2369)-Gomez Jurado,L (2242) Mataro 2018}) 5... Ne7 6. c4 c6 7. e4 dxe4 ({RR} 7... O-O 8. b3 a5 9. cxd5 cxd5 10. Nc3 d4 11. Nb5 Na6 12. Nd2 Bd7 13. a4 Nc6 14. Nc4 Ncb4 15. f4 Nc5 16. Nxe5 Bxb5 17. axb5 Bxe5 18. fxe5 Nbxd3 19. e6 fxe6 20. Bh6 Rxf1+ 21. Qxf1 b6 22. Bh3 {Mousavi,S (2479)-Davtyan,A (2364) Yerevan ARM 2025 0-1 (49)}) ({RR} 7... O-O 8. b4 h6 9. Bb2 d4 10. a4 c5 11. b5 a5 12. Ra2 b6 13. Bc1 Ra7 14. Ne1 g5 15. f4 exf4 16. gxf4 gxf4 17. Bxf4 Ng6 18. Bxb8 Rb7 19. Bg3 Re7 20. Raf2 Be5 21. Qh5 Kg7 22. Nd2 {Amin,B (2680)-Najer,E (2661) Warsaw 2021 1-0 (36)}) 8. dxe4 Qxd1 9. Rxd1 Bg4 ({RR} 9... Be6 10. b3 f6 11. Nc3 Na6 12. Be3 h5 13. Ne1 h4 14. Nd3 hxg3 15. hxg3 Kf7 16. f4 exf4 17. gxf4 Rhd8 18. Kf2 Rd7 19. Nc5 Nxc5 20. Bxc5 b6 21. Rxd7 Bxd7 22. Be3 Bg4 23. Rh1 Rd8 24. Bf3 {Ding,L (2799)-Aronian,L (2782) chess24.com INT 2021 ½-½ (53)}) 10. h3 $146 Bxf3 11. Bxf3 Nd7 12. Be3 h5 13. g4 hxg4 14. hxg4 Nf8 15. Kg2 Ne6 16. g5 Nd4 17. Na3 O-O-O 18. Bg4+ Kc7 19. c5 Rh4 20. Kg3 Rdh8 21. Bxd4 exd4 22. Nc2 Be5+ 23. f4 Nf5+ 24. exf5 gxf5 25. Bf3 Rxf4 26. Ne1 Rg4+ 27. Kf2 Rxg5 28. Ng2 Rh2 29. Rh1 Rxh1 30. Rxh1 d3 31. Ke3 f4+ 32. Kxd3 Bxb2 33. Rh5 Rxh5 34. Bxh5 Ba3 35. Kc4 b5+ 36. cxb6+ axb6 37. Nxf4 Bd6 38. Ne2 b5+ 39. Kd3 f6 40. Nd4 Be5 41. Ke4 1-0

[Event "Wch Rapid"]
[Site "Warsaw"]
[Date "2021.12.27"]
[Round "9"]
[White "Artemiev, Vladislav"]
[Black "Christiansen, Johan Sebastian"]
[Result "1-0"]
[WhiteElo "2700"]
[BlackElo "2582"]
[PlyCount "95"]
[EventDate "2021.12.26"]
[EventType "swiss (rapid)"]
[EventRounds "13"]
[EventCountry "POL"]
[SourceTitle "CBM 205 Extra"]
[Source "ChessBase"]
[SourceDate "2022.01.31"]
[SourceVersion "1"]
[SourceVersionDate "2022.01.31"]
[SourceQuality "1"]

1. Nf3 c5 2. b3 d6 3. c4 e5 4. d3 f5 5. Nc3 Nf6 6. g3 Nc6 7. Bg2 g6 8. O-O Bg7 9. Bg5 O-O $146 ({RR} 9... h6 10. Bxf6 Bxf6 11. Nd5 O-O 12. Rb1 Be6 13. a3 Bxd5 14. cxd5 Ne7 15. Nd2 Qd7 16. b4 Rfc8 17. Nc4 cxb4 18. axb4 Kg7 19. Qb3 Rc7 20. Qa3 Nc8 21. Rfc1 Be7 22. e4 h5 23. Bh3 Bf8 24. exf5 {Anton Guijarro,D (2675)-Christiansen,J (2578) Almaty KAZ 2022 1-0 (37)}) 10. Nd5 Be6 11. Nd2 Qd7 12. Bxf6 Bxf6 13. Rb1 Kg7 14. a3 Bxd5 15. Bxd5 a5 16. e3 Rab8 17. Rc1 b5 18. Nb1 Ne7 19. Bg2 Rfe8 20. Nc3 b4 21. axb4 Rxb4 22. Nb5 Rb8 23. Ra1 R8xb5 24. cxb5 Rxb5 25. Qd2 Qd8 26. Rfd1 d5 27. e4 d4 28. Qc2 Qb6 29. Ra3 f4 30. Bh3 Qb7 31. Be6 Nc6 32. Qe2 Qe7 33. Bd5 Qd6 34. Qg4 fxg3 35. fxg3 Rb8 36. Bxc6 Qxc6 37. Rxa5 Rb7 38. Rf1 h5 39. Qf3 Qb6 40. Ra8 Rf7 41. g4 Qb7 42. Ra2 Qxb3 43. Rg2 hxg4 44. Qxg4 g5 45. Rg3 c4 46. Qe6 Kf8 47. Rgf3 cxd3 48. Qxb3 1-0

[Event "Wch Rapid"]
[Site "Warsaw"]
[Date "2021.12.28"]
[Round "10"]
[White "Sindarov, Javokhir"]
[Black "Postny, Evgeny"]
[Result "1-0"]
[WhiteElo "2609"]
[BlackElo "2557"]
[PlyCount "59"]
[EventDate "2021.12.26"]
[EventType "swiss (rapid)"]
[EventRounds "13"]
[EventCountry "POL"]
[SourceTitle "CBM 205 Extra"]
[Source "ChessBase"]
[SourceDate "2022.01.31"]
[SourceVersion "1"]
[SourceVersionDate "2022.01.31"]
[SourceQuality "1"]

1. Nf3 d5 2. g3 c6 3. Bg2 Bg4 4. O-O Nd7 5. d3 Ngf6 6. Nbd2 e5 7. e4 dxe4 8. dxe4 Be7 9. Qe1 h6 $146 ({RR} 9... b5 10. h3 Bh5 11. Nh4 O-O 12. Nf5 Bc5 13. a4 a6 14. Nb3 Bb6 15. Bg5 Qc7 16. Kh1 Rfe8 17. Qd2 Kh8 18. h4 Ng8 19. f3 f6 20. Be3 Bxe3 21. Qxe3 Bg6 22. Bh3 Nb6 23. Nc5 Nc4 24. Qc3 {Suciu,D (2224)-Breahna,R (2369) Baile Tusnad 2000 1-0}) ({RR} 9... O-O 10. h3 Bh5 11. Nc4 Qc7 12. Nh4 Rfe8 13. Bd2 b5 14. Ba5 Qb7 15. Ne3 Nc5 16. Nhf5 Bf8 17. f3 Bg6 18. Rd1 Qa6 19. a3 Nb7 20. Bd2 Rad8 21. Kh2 Qa4 22. Bc3 Bxf5 23. Rxd8 Nxd8 24. Nxf5 {Miroshnichenko,E (2690)-Rublevsky,S (2703) Kragujevac 2009 ½-½ (37)}) ({RR} 9... O-O 10. Nc4 Qc7 11. a4 Rfe8 12. b3 Bf8 13. Bb2 Rad8 14. Rd1 b6 15. h3 Bh5 16. Qe3 Bc5 17. Qe2 a6 18. Bc3 b5 19. Ba5 Nb6 20. Nb2 Bxf3 21. Bxf3 Rxd1 22. Rxd1 Rd8 23. Nd3 Be7 24. Qe3 {Volkov,S (2151)-Yagupov,I (2230) chess.com INT 2024 1-0 (53)}) ({RR} 9... O-O 10. Nc4 Qc7 11. Ne3 Bxf3 12. Bxf3 g6 13. a4 Nc5 14. Ng4 Ne6 15. Be3 Nd7 16. Bh6 Rfd8 17. h4 Bf8 18. Bxf8 Ndxf8 19. a5 h5 20. Ne3 Rd7 21. b4 Rad8 22. c3 Nh7 {½-½ (22) Markus,R (2572)-Postny,E (2661) Aghios Kirykos 2008}) 10. b3 Be6 11. Bb2 Qc7 12. Nh4 O-O-O 13. Qe2 Bg4 14. Bf3 Bh3 15. Rfd1 g6 16. a4 Nh7 17. Bg2 Be6 18. Nhf3 Ng5 19. Nc4 Nxf3+ 20. Bxf3 h5 21. a5 Kb8 22. Rxd7 Qxd7 23. Bxe5+ Kc8 24. Nb6+ axb6 25. axb6 Qe8 26. Ra8+ Kd7 27. Qd3+ Bd5 28. exd5 Bc5 29. dxc6+ Ke6 30. Bxh8 1-0

[Event "Wch Rapid"]
[Site "Warsaw"]
[Date "2021.12.28"]
[Round "11"]
[White "Petrosian, Tigran L"]
[Black "Sargissian, Gabriel"]
[Result "1-0"]
[WhiteElo "2573"]
[BlackElo "2681"]
[PlyCount "71"]
[EventDate "2021.12.26"]
[EventType "swiss (rapid)"]
[EventRounds "13"]
[EventCountry "POL"]
[SourceTitle "CBM 205 Extra"]
[Source "ChessBase"]
[SourceDate "2022.01.31"]
[SourceVersion "1"]
[SourceVersionDate "2022.01.31"]
[SourceQuality "1"]

1. Nf3 d5 2. g3 Nf6 3. Bg2 e6 4. O-O Be7 5. d3 O-O 6. Nbd2 Nc6 7. e4 dxe4 8. dxe4 e5 9. c3 a5 10. Qc2 Bc5 11. Nc4 Qe7 12. Ne3 ({RR} 12. Bg5 h6 13. Bh4 Bg4 14. Ne3 Bxe3 15. fxe3 Bxf3 16. Bxf6 Qxf6 17. Rxf3 Qe7 18. Raf1 f6 19. Rd1 b6 20. Bf1 Rfd8 21. Bc4+ Kh8 22. Bd5 Rd6 23. g4 Qd7 24. Qg2 Ne7 25. g5 Nxd5 26. exd5 Rxd5 {Gubajdullin,A (2238)-Sairam,P (2016) chess.com INT 2025 1-0}) ({RR} 12. Nh4 Qe6 13. Ne3 Ne7 14. Rd1 g6 15. Nf3 Bd7 16. c4 Rfc8 17. b3 Nc6 18. Bb2 Bxe3 19. fxe3 Qe7 20. h3 Re8 21. Kh2 Rad8 22. a3 Qc5 23. Rd3 Bc8 24. Re1 Rxd3 25. Qxd3 b6 26. Rd1 Bb7 {Petrosian,T (2601)-Sanal,V (2549) Moscow 2019 0-1 (45)}) 12... Bxe3 13. Bxe3 Rd8 $146 ({RR} 13... b6 14. Nh4 Ba6 15. Rfd1 Rfd8 16. Nf5 Qe6 17. Bg5 h6 18. Bxf6 Qxf6 19. Ne3 Rxd1+ 20. Rxd1 Rd8 21. Nd5 Qd6 22. Bf3 Qc5 23. Nxc7 Nd4 24. Nxa6 Nxf3+ 25. Kg2 Rxd1 26. Qxd1 Qc8 27. Kxf3 Qxa6 28. Qd5 {Anurag,M (2492)-Le Goff,R (2191) Cappelle la Grande 2019 1-0 (35)}) 14. h3 Be6 15. b3 Ne8 16. Nh4 g6 17. f4 exf4 18. Rxf4 Ng7 19. Rff1 Nh5 20. Qf2 Ne5 21. Bd4 Qg5 22. g4 Nd3 23. Nf3 Qe7 24. Qe3 Nhf4 25. Ne5 Nxg2 26. Qxd3 c5 27. Kxg2 cxd4 28. cxd4 h5 29. Qe3 Rac8 30. Rf2 Qd6 31. Rd1 hxg4 32. Nxg4 Bxg4 33. hxg4 Kg7 34. Rdf1 Qxd4 35. Rxf7+ Kg8 36. Rf8+ 1-0

[Event "Wch Rapid"]
[Site "Warsaw"]
[Date "2021.12.28"]
[Round "12"]
[White "Janik, Igor"]
[Black "Van Foreest, Lucas"]
[Result "1-0"]
[WhiteElo "2525"]
[BlackElo "2530"]
[PlyCount "133"]
[EventDate "2021.12.26"]
[EventType "swiss (rapid)"]
[EventRounds "13"]
[EventCountry "POL"]
[SourceTitle "CBM 205 Extra"]
[Source "ChessBase"]
[SourceDate "2022.01.31"]
[SourceVersion "1"]
[SourceVersionDate "2022.01.31"]
[SourceQuality "1"]

1. Nf3 d5 2. b3 Bg4 3. Bb2 Nd7 4. d4 e6 5. Nbd2 c6 ({RR} 5... Ngf6 6. e3 Bd6 7. Be2 O-O 8. O-O Qe7 9. a3 c5 10. dxc5 Nxc5 11. c4 dxc4 12. Nxc4 Bc7 13. Nd4 Bxe2 14. Qxe2 a6 15. a4 e5 16. Nf3 e4 17. Nd4 Rfd8 18. Ba3 Rd5 19. Rac1 Qd7 20. Bxc5 {Nakamura,H (2736)-Artemiev,V (2709) Chess.com INT 2021 1-0 (60)}) ({RR} 5... Ngf6 6. e3 Bd6 7. Be2 O-O 8. O-O c6 9. h3 Bxf3 10. Bxf3 e5 11. dxe5 Bxe5 12. Qc1 Qb6 13. c4 Rfd8 14. Rd1 a5 15. Rb1 h6 16. Be2 Bxb2 17. Qxb2 a4 18. b4 a3 19. Qc3 Re8 20. Nf3 {Askarov,B (2306)-Suyarov,M (2469) Almaty KAZ 2025 0-1 (41)}) 6. g3 Bd6 $146 ({RR} 6... Bxf3 7. exf3 Qa5 8. a3 g6 9. f4 Bg7 10. c3 Ne7 11. Bd3 c5 12. O-O Qb6 13. Nf3 c4 14. Bb1 Qxb3 15. Qxb3 cxb3 16. Nd2 Nb6 17. Bd3 Rc8 18. Nxb3 Nc4 19. Bc1 Nf5 20. a4 Nfd6 21. Re1 {Muse,D (2311)-Bosiocic,M (2548) Porec 2022 0-1 (70)}) 7. e4 Ne7 8. Bg2 c5 9. exd5 Nxd5 10. Ne4 Be7 11. c4 N5f6 12. Nxc5 Nxc5 13. dxc5 Qc7 14. h3 Bf5 15. Nd4 Qa5+ 16. Qd2 Qxd2+ 17. Kxd2 O-O-O 18. Ke2 Bxc5 19. Nxf5 exf5 20. Rhd1 Rhe8+ 21. Kf1 Ne4 22. Bxe4 fxe4 23. Bxg7 Rxd1+ 24. Rxd1 e3 25. fxe3 Rxe3 26. Rd5 b6 27. Be5 a5 28. Bf4 Rf3+ 29. Ke1 a4 30. bxa4 Ra3 31. Rf5 Rxa2 32. Rxf7 h5 33. Rc7+ Kd8 34. Rh7 Rxa4 35. Rxh5 Rxc4 36. Ke2 b5 37. Be3 Bd6 38. g4 b4 39. Bd2 Ke7 40. Rb5 Ke6 41. Kd3 Rc8 42. h4 Rg8 43. g5 Rh8 44. Be1 Rf8 45. Rb6 Rf3+ 46. Ke2 Rb3 47. g6 Rd3 48. Bxb4 Rd2+ 49. Kxd2 Kf6 50. Rxd6+ Kg7 51. Bc3+ Kh6 52. g7+ Kh7 53. Rh6+ Kg8 54. Rh8+ Kf7 55. Rf8+ Ke7 56. g8=N+ Kd7 57. Rf6 Kc7 58. Ne7 Kd7 59. Nd5 Kd8 60. Rf7 Kc8 61. Be5 Kd8 62. Bc7+ Kc8 63. Bb6 Kb8 64. Nb4 Ka8 65. Rc7 Kb8 66. Na6+ Ka8 67. Ra7# 1-0

[Event "Wch Rapid"]
[Site "Warsaw"]
[Date "2021.12.28"]
[Round "13"]
[White "Petrosian, Tigran L"]
[Black "Narayanan, Sunilduth Lyna"]
[Result "1-0"]
[WhiteElo "2573"]
[BlackElo "2658"]
[PlyCount "75"]
[EventDate "2021.12.26"]
[EventType "swiss (rapid)"]
[EventRounds "13"]
[EventCountry "POL"]
[SourceTitle "CBM 205 Extra"]
[Source "ChessBase"]
[SourceDate "2022.01.31"]
[SourceVersion "1"]
[SourceVersionDate "2022.01.31"]
[SourceQuality "1"]

1. Nf3 Nf6 2. g3 c5 3. Bg2 Nc6 4. O-O e5 5. d3 d5 6. Bg5 Be7 7. Nfd2 Be6 ({RR} 7... Ng8 8. Bxe7 Ngxe7 9. c4 Be6 10. Nc3 O-O 11. a3 Rc8 12. b4 cxb4 13. axb4 Nxb4 14. Rxa7 dxc4 15. Nxc4 Bxc4 16. dxc4 Rxc4 17. Qb3 Qd4 18. Nb5 Qc5 19. Rxb7 Nec6 20. e3 Na5 21. Qxc4 Qxc4 22. Nd6 {Carlsen,M (2840)-Karjakin,S (2785) Doha 2016 0-1 (97)}) 8. Nc3 ({RR} 8. c4 d4 9. Na3 O-O 10. Nc2 h6 11. Bxf6 Bxf6 12. Rb1 Be7 13. Re1 Qd7 14. a3 a5 15. e3 dxe3 16. Nxe3 Qxd3 17. Nd5 Bxd5 18. cxd5 Nd4 19. Rxe5 Bd6 20. Re3 Qg6 21. a4 Rfe8 22. Nc4 f5 {Petrosian,T (2573)-Holm,K (2464) Warsaw 2021 1-0}) 8... d4 ({RR} 8... Ng8 9. Bxe7 Ngxe7 10. e4 d4 11. Ne2 f6 12. f4 Qd6 13. a3 O-O-O 14. f5 Bf7 15. Nf3 b5 16. g4 Kb7 17. Ng3 Nc8 18. g5 Nb6 19. h4 c4 20. Nh2 Na4 21. Rb1 c3 22. b4 Nb2 23. Qg4 {Baer,B (1976)-Bin-Suhayl,I (2219) Daventry ENG 2025 0-1 (32)}) 9. Bxf6 gxf6 10. Nb5 $146 ({RR} 10. Na4 Rc8 11. c4 h5 12. Nb3 b6 13. e4 h4 14. Nd2 Qd7 15. Nf3 Bg4 16. h3 Bxh3 17. Nxh4 Qe6 18. Kh2 Bg4 19. f3 f5 20. fxg4 Bxh4 21. gxh4 Rxh4+ 22. Kg1 fxg4 23. Qe1 Qh6 24. Qf2 Nd8 {Saragoitia,L-Toth,B Moscow 1968 0-1 (33)}) 10... Qd7 11. c3 a6 12. Na3 b5 13. cxd4 cxd4 14. Nc2 O-O 15. e3 Rac8 16. Qh5 Rfd8 17. exd4 exd4 18. Be4 f5 19. Bg2 Ne5 20. Ne1 Rc5 21. Ndf3 Ng6 22. Ng5 Bxg5 23. Qxg5 Rdc8 24. Nf3 f4 25. Qh6 f6 26. b4 Rc3 27. Rfe1 Bf5 28. Nh4 Nxh4 29. Qxh4 fxg3 30. hxg3 Qd6 31. Be4 Bxe4 32. Rxe4 R3c7 33. Rae1 Rf8 34. Rxd4 Qc6 35. Rg4+ Kh8 36. Qh6 Rcf7 37. Re7 Re8 38. Rg7 1-0

[Event "Wch Blitz"]
[Site "Warsaw"]
[Date "2021.12.29"]
[Round "1"]
[White "Mamedov, Rauf"]
[Black "Kantor, Gergely"]
[Result "1-0"]
[WhiteElo "2656"]
[BlackElo "2575"]
[PlyCount "115"]
[EventDate "2021.12.29"]
[EventType "swiss (blitz)"]
[EventRounds "21"]
[EventCountry "POL"]
[SourceTitle "CBM 205 Extra"]
[Source "ChessBase"]
[SourceDate "2022.01.31"]
[SourceVersion "1"]
[SourceVersionDate "2022.01.31"]
[SourceQuality "1"]

1. Nf3 d5 2. g3 g6 3. Bg2 Bg7 4. d3 e5 5. Nbd2 ({RR} 5. c4 dxc4 6. Qa4+ Nc6 7. Qxc4 Nge7 8. Nc3 h6 9. Bd2 Be6 10. Qa4 O-O 11. Rc1 Nd4 12. O-O c6 13. Qa3 Nxf3+ 14. Bxf3 Nf5 15. Bg2 Re8 16. Ne4 Nd4 17. Rfe1 Bd5 18. e3 Ne6 19. Red1 f5 {Wang,Y (2690)-Grigoryan,K (2571) Chess.com INT 2018 1-0 (66)}) 5... Nc6 6. e4 Nge7 $146 ({RR} 6... Be6 7. O-O Nf6 8. Re1 d4 9. b3 h6 10. Ba3 Qd7 11. Nc4 Bxc4 12. bxc4 Bf8 13. Bxf8 Kxf8 14. h3 Kg7 15. Rb1 b6 16. Qd2 a5 17. c3 Rae8 18. Rb5 dxc3 19. Qxc3 Nd4 20. Nxe5 Nxb5 21. Qb2 {Szwajkun,S (94)-Hamilton,S (70) Llandudno 2017 1-0 (72)}) ({RR} 6... dxe4 7. dxe4 Bg4 8. c3 Nge7 9. h3 Be6 10. O-O h6 11. Qe2 Qd7 12. Kh2 g5 13. Rd1 O-O-O 14. b4 g4 15. Nh4 gxh3 16. Bf3 Qd3 17. Bb2 Bf6 18. Qxd3 Rxd3 19. Be2 Rd7 20. Nhf3 Rhd8 21. Nb3 {Mohammadi,P (2037)-Mohammad Fahad,R (2421) chess.com INT 2025 0-1}) 7. exd5 Nxd5 8. O-O O-O 9. a3 Re8 10. Re1 b6 11. Rb1 Bb7 12. Ne4 h6 13. c4 Nde7 14. b4 Nf5 15. Bb2 Rb8 16. Qc2 Ncd4 17. Nxd4 Nxd4 18. Bxd4 Qxd4 19. Rbd1 f5 20. Nc3 Bxg2 21. Kxg2 c6 22. Qb3 Kh7 23. b5 e4 24. Ne2 Qc5 25. d4 Qd6 26. bxc6 Qxc6 27. d5 Qc5 28. Nf4 Qd6 29. a4 Be5 30. Ne6 Bf6 31. a5 bxa5 32. Qa4 Qb4 33. Qc6 a4 34. Rb1 Qe7 35. Qxa4 g5 36. c5 Be5 37. Rxb8 Rxb8 38. Rxe4 fxe4 39. Qxe4+ Kg8 40. Qxe5 Re8 41. c6 Qf7 42. c7 a5 43. Qa1 g4 44. Qd1 Qf5 45. Nf4 Qe4+ 46. Kg1 Qf5 47. d6 Qd7 48. Qd5+ Kg7 49. Qd4+ Kg8 50. Qc4+ Kg7 51. Qc3+ Kf7 52. Nh5 Kg6 53. Nf6 Qxd6 54. Nxe8 Qd1+ 55. Kg2 Qd5+ 56. f3 gxf3+ 57. Kf2 Qe4 58. Qf6+ 1-0

[Event "Wch Blitz"]
[Site "Warsaw"]
[Date "2021.12.29"]
[Round "1"]
[White "Puranik, Abhimanyu Sameer"]
[Black "Hovhannisyan, Robert"]
[Result "1-0"]
[WhiteElo "2604"]
[BlackElo "2643"]
[PlyCount "81"]
[EventDate "2021.12.29"]
[EventType "swiss (blitz)"]
[EventRounds "21"]
[EventCountry "POL"]
[SourceTitle "CBM 205 Extra"]
[Source "ChessBase"]
[SourceDate "2022.01.31"]
[SourceVersion "1"]
[SourceVersionDate "2022.01.31"]
[SourceQuality "1"]

1. Nf3 d5 2. c4 d4 3. b4 c5 4. bxc5 Nc6 5. g3 e5 6. d3 Bxc5 7. Bg2 Nf6 8. O-O h6 ({RR} 8... O-O 9. Ba3 Bxa3 10. Nxa3 Qe7 11. Nc2 Rd8 12. Nd2 Bf5 13. Rb1 e4 14. Nxe4 Nxe4 15. dxe4 Bxe4 16. Bxe4 Qxe4 17. Qd3 Qe7 18. Rb5 Rd7 19. Rd5 Rad8 20. Nxd4 Rxd5 21. cxd5 Rxd5 22. Nxc6 bxc6 23. Qc4 {Svidler,P (2723)-Giri,A (2764) chess24.com INT 2020 ½-½}) 9. Nfd2 ({RR} 9. Ba3 Bxa3 10. Nxa3 O-O 11. Qa4 Qe7 12. Nb5 a6 13. Na3 e4 14. dxe4 Nxe4 15. Nc2 Nc3 16. Qb3 Nxe2+ 17. Kh1 Bf5 18. Rfe1 Rae8 19. Rad1 d3 20. Rxd3 Bxd3 21. Qxd3 Qe4 22. Qxe4 Rxe4 23. Ng1 Rxc4 {Gokhale,R (2079)-Putnam,L (2323) chess.com INT 2024 1-0 (77)}) ({RR} 9. Ba3 Nd7 10. Nfd2 O-O 11. Nb3 Bxa3 12. Nxa3 Qe7 13. Nb5 Nf6 14. c5 Be6 15. Nd6 Bd5 16. Nd2 Bxg2 17. Kxg2 b5 18. Qb3 Rab8 19. Rab1 a6 20. N2e4 Nxe4 21. dxe4 Qe6 22. Qd3 Ra8 23. a3 Ra7 {Puranik,A (2604)-Cheparinov,I (2664) Sitges 2021 1-0 (47)}) 9... O-O 10. Nb3 Bd6 $146 ({RR} 10... Be7 11. Ba3 Re8 12. Bxe7 Qxe7 13. a4 Bf5 14. Na3 e4 15. Nb5 Rad8 16. c5 exd3 17. exd3 Nb4 18. Nd6 Rxd6 19. cxd6 Qxd6 20. Qd2 Nxd3 21. a5 b6 22. Ra4 bxa5 23. Rxd4 Qa3 24. Nxa5 Ne5 25. Nc4 {Puranik,A (2611)-Moksh,A (2366) chess.com INT 2023 ½-½ (53)}) 11. Ba3 Bf5 12. Bxd6 Qxd6 13. N1d2 Rad8 14. a4 Rfe8 15. c5 Qd7 16. Nc4 Bh3 17. Nd6 Re7 18. Nd2 Bxg2 19. Kxg2 Nd5 20. Qb3 Nc3 21. e4 b6 22. Nf5 Ree8 23. cxb6 g6 24. Nh4 Kg7 25. a5 Rb8 26. Nc4 Qe6 27. f4 exf4 28. Rxf4 Ne5 29. Raf1 Rf8 30. Nf3 Nxf3 31. R4xf3 axb6 32. axb6 Rb7 33. Qc2 Ra8 34. Qc1 Ra2+ 35. R1f2 Rxf2+ 36. Rxf2 h5 37. Qf4 Kh7 38. Nd6 Rxb6 39. Nxf7 Kg7 40. Qh6+ Kg8 41. Qh8# 1-0

[Event "Wch Blitz"]
[Site "Warsaw"]
[Date "2021.12.29"]
[Round "2"]
[White "Demidov, Mikhail"]
[Black "Duda, Jan Krzysztof"]
[Result "1-0"]
[WhiteElo "2556"]
[BlackElo "2760"]
[PlyCount "119"]
[EventDate "2021.12.29"]
[EventType "swiss (blitz)"]
[EventRounds "21"]
[EventCountry "POL"]
[SourceTitle "CBM 205 Extra"]
[Source "ChessBase"]
[SourceDate "2022.01.31"]
[SourceVersion "1"]
[SourceVersionDate "2022.01.31"]
[SourceQuality "1"]

1. Nf3 Nf6 2. g3 b5 3. Bg2 Bb7 4. d3 d5 5. O-O e6 6. c4 c6 7. Qc2 Be7 ({RR} 7... Nbd7 8. b3 Be7 9. Bb2 O-O 10. Nbd2 Rc8 11. e4 Ne8 12. Rac1 a5 13. Rfd1 Nd6 14. c5 Ne8 15. d4 b4 16. e5 Ba6 17. Nf1 f6 18. exf6 Bxf6 19. Re1 Nc7 20. Ne3 h5 21. h4 Bb5 22. Bh3 {Svane,R (2637)-Krzyzanowski,M (2519) chess.com INT 2024 1-0 (35)}) 8. b3 O-O 9. Bb2 a6 $146 ({RR} 9... Na6 10. Nbd2 Qb6 11. a3 c5 12. e4 Nd7 13. exd5 exd5 14. Rfe1 Bf6 15. cxb5 Qxb5 16. d4 cxd4 17. Bxd4 Nac5 18. b4 Ne6 19. Bxf6 Nxf6 20. Nb3 Ne4 21. Qb2 Qb6 22. Na5 Ba6 23. Rad1 Rfd8 24. Nd4 {Damljanovic,B (2612)-Zvjaginsev,V (2659) Vrnjacka Banja 2005 ½-½ (53)}) 10. Nbd2 c5 11. d4 Nbd7 12. cxd5 Nxd5 13. Rac1 Rc8 14. Qb1 Qb6 15. Qa1 N5f6 16. dxc5 Bxc5 17. Bd4 Rfd8 18. Rxc5 Nxc5 19. b4 e5 20. Bxc5 Qe6 21. Nb3 e4 22. Nfd4 Qd7 23. Bb6 Re8 24. Nc5 Qd6 25. Nxb7 Qxb6 26. Nc5 a5 27. a3 e3 28. f4 g6 29. Bf3 Red8 30. Qb2 axb4 31. axb4 Nd7 32. Ndb3 Nxc5 33. Nxc5 Qd6 34. Kg2 Qd4 35. Qb3 Rc7 36. f5 g5 37. h3 Ra7 38. f6 h6 39. Nd3 Rd6 40. Qc2 Qc4 41. Qb2 Ra2 42. Qe5 Qe6 43. Qxb5 Rd8 44. Nc5 Qd6 45. Nb7 Qd7 46. Qc4 Rda8 47. Nc5 Qd2 48. Bxa8 Rxa8 49. Ne4 Qb2 50. Nd6 Rf8 51. b5 Qe5 52. Nf5 Qxf6 53. Qe4 Qb6 54. Qe5 Qb7+ 55. Kh2 f6 56. Qd5+ Qxd5 57. Ne7+ Kf7 58. Nxd5 Ke6 59. Rxf6+ Rxf6 60. Nxf6 1-0